000 00938nam a2200265Ia 4500
003 OSt
005 20220930091431.0
006 a|||||r|||| 00| 0
007 ta
008 220926b |||||||| |||| 00| 0 eng d
024 _a5921
037 _cTheses
040 _aCRL
_cCRL
_beng
041 _2eng
_aeng
100 _aVipan Kumar Au.
_9545654
110 _aUniversity of Delhi. Faculty of Medical Sciences. Department of General Surgery
245 0 _aTo study the incidence and risk factors for venous thronboembolism in surgical intensive care unit patients undergoing major surgeries in tertiary care institutes of army
260 _c2012
300 _a84
_ap.
_ccm.
650 _aSURGERY
700 _a Dr. Surinder Singh Gu.
_9545655
700 _aUniversity of Delhi. Faculty of Medical Sciences. Department of General Surgery
942 _cDIS
_2CC
999 _c882078
_d882078